Characters of "The 100" TV Show Quiz - Statistics

General Stats
  • This quiz has been taken 357 times
  • The average score is 13 of 16
Answer Stats
Picture Answer % Correct
Clarke Griffin
98%
Bellamy Blake
97%
Octavia Blake
97%
Raven Reyes
95%
Abigail Griffin
93%
John Murphy
88%
Indra
87%
Madi Griffin
79%
Echo
78%
Luna
75%
Emori
73%
Hope Diyoza
69%
Nathan Miller
68%
Eric Jackson
60%
Charmaine Diyoza
56%
Niylah
46%
No matching quizzes found
Score Distribution
Percent of People with Each Score
Percentile by Number Answered
Your Score History
You have not taken this quiz